Les clubs de Ligue 1 - Statistiques

Statistiques générales
  • Ce quiz a été pris 38 fois
  • Le résultat moyen est 12 sur 20
Statistiques - réponses
HintToulouse Réponse % Correct
Paris psg
100%
Lyon ol
97%
Marseille om
97%
Saint-Etienne asse
77%
Lille losc
74%
Monaco asm
71%
Nice ogc
63%
Caen smc
63%
Nantes fcn
60%
Reims sr
60%
Montpellier mhsc
57%
Toulouse tfc
57%
Guingamp eag
54%
Angers sco
54%
Dijon dfco
51%
Strasbourg rcsa
37%
Rennes srfc
34%
Nîmes on
23%
Amiens afc
14%
Bordeaux gbfc
9%
Aucun quiz correspondant
Distribution des résultats
% des personnes avec chaque résultat
Percentile par nombre de réponses
Votre historique - résultats
Vous n’avez pas pris ce quiz